header

50 powerful ideas you can use to keep your customers (Record no. 855)

MARC details
000 -LEADER
fixed length control field 01300nam a2200337Ia 4500
082 04 - DEWEY DECIMAL CLASSIFICATION NUMBER
Classification number 658.8/12
100 1# - MAIN ENTRY--AUTHOR NAME
Personal name Timm, Paul R.
245 10 - TITLE STATEMENT
Title 50 powerful ideas you can use to keep your customers
250 ## - EDITION STATEMENT
Edition statement 3rd ed.
260 ## - PUBLICATION, DISTRIBUTION, ETC. (IMPRINT)
Place of publication Franklin Lakes, NJ :
Name of publisher Career Press,
Year of publication c2002.
300 ## - PHYSICAL DESCRIPTION
Number of Pages 158 p.
650 #0 - SUBJECT ADDED ENTRY--TOPICAL TERM
Topical Term Customer services
Topical Term Consumer satisfaction.
Topical Term Supervision of employees.
856 40 - ELECTRONIC LOCATION AND ACCESS
Uniform Resource Identifier http://site.ebrary.com/lib/rucke/Doc?id=10007007

No items available.

© 2026 Rongo University
Contact us: librarian | system librarian | Rongo university